| 000 | 00683nam a22002057a 4500 | ||
|---|---|---|---|
| 999 |
_c2105 _d2105 |
||
| 003 | AR-CdUCM | ||
| 008 | 190304b ||||| |||| 00| 0 spa d | ||
| 040 |
_aMUNICIPALIDAD PROVINCIAL DEL CUSCO _cBIBLIOTECA MUNICIPAL DEL CUSCO |
||
| 082 |
_22ed. _a869.56 / _bL86 |
||
| 100 |
_aLópez Labújar, Enrique _97609 |
||
| 245 | _aLos Caballeros del Delito / | ||
| 260 |
_aLima : _bJuan Mejía Baca ; _c1973. |
||
| 300 |
_a394 páginas _c17cm |
||
| 505 | _aContenido: La ciudad Heroica -- Moquegua -- Huánuco -- Piura -- Los Caballeros del Delito... | ||
| 650 |
_aCriminalidad _97610 |
||
| 650 |
_aBandolerismo _97611 |
||
| 650 |
_aCultura _9126 |
||
| 942 |
_2ddc _cLIBROS |
||
| 945 | _anom | ||